| 000 | 00832cab a2200229 4500 | ||
|---|---|---|---|
| 001 | ABS54880 | ||
| 008 | 090401t1996 xxu||||| |||| 00| 0 eng d | ||
| 035 | _a(Sirsi) u12744 | ||
| 041 | _aeng | ||
| 245 | _aSpecifiers review window costings | ||
| 260 | _c1996 | ||
| 350 | _a0 | ||
| 490 |
_aBuilding _v261(7937) 19 April 1996, 55(1) |
||
| 520 | _aLife-cycle costings for PVCu windows are being questioned in the light of problems such as wrenched off handles leading to the replacement of the entire window, poor performance in severe weather and the fact that they are hard to recycle once disposed of. | ||
| 650 | _aLIFE-CYCLE COSTING | ||
| 650 | _aPVCU WINDOWS | ||
| 650 | _aWINDOWS | ||
| 690 | _aBUILT ENVIRONMENT-BUILDING COSTS | ||
| 690 | _aBUILT ENVIRONMENT-BUILDING MATERIALS | ||
| 942 | _n0 | ||
| 948 | _c04/03/1997 | ||
| 999 |
_c8162 _d8162 |
||